00425nam a2200145Ia 4500003000400000008004100004040001600045082001900061100001900080245007200099260005300171300001000224650001900234650002600253GCL140319s9999 xx 000 0 eng d aGCL / cGCL04a621.38456bL M1 aMOUSTAFA, A.R.10aMOBILE COMMUNICATIONS DEALER FUNDAMENTALS 2nd ed / cMOUSTAFA, A.R. a[S.N] : bMACMILLAN PUBLISHING COMPANY ، c1993 a372 P04aCOMMUNICATIONS04aCOMMUNICATIONS SYSTEM